Bolívar
Guardat en:
| Autor principal: | |
|---|---|
| Format: | Llibre |
| Idioma: | espanyol |
| Publicat: |
Ciudad de México
Hermes
1953
|
| Edició: | 2a. ed |
| Matèries: | |
| Etiquetes: |
Afegir etiqueta
Sense etiquetes, Sigues el primer a etiquetar aquest registre!
|
MARC
| LEADER | 00000cam a2200000 a 4500 | ||
|---|---|---|---|
| 001 | UCF1368 | ||
| 003 | CL-VaPUC | ||
| 008 | 120629e19530000MX |||||||||||||||||spa|d | ||
| 082 | 0 | 4 | |a 923.5 |b MAD |2 21 |
| 100 | |a Madariaga, Salvador de |e autor |9 579873 | ||
| 245 | 1 | 0 | |a Bolívar |
| 250 | |a 2a. ed | ||
| 300 | |a t | ||
| 942 | |c BK | ||
| 945 | |d 20120629 00:00:00 |a dcastane | ||
| 260 | |a Ciudad de México |b Hermes |c 1953 | ||
| 600 | 0 | |a Bolívar, Simón |d 1783-1830 |9 265422 | |
| 650 | 0 | |a Biografías |9 255210 | |
| 650 | 7 | |a LIBERTADORES |2 CL-VaPUC |9 317968 | |
| 583 | |a last modification |c 20120629 12:35:00 |k Rodrigo Vera | ||
| 999 | |c 348177 |d 348175 | ||
| 952 | |0 0 |1 0 |4 0 |6 923_500000000000000_MAD_1953 |7 0 |8 X |9 450095 |a FDOBUD |b FDOBUD |d 2019-11-22 |h t.1 |i 4835042 |o 923.5 MAD 1953 |p 4835042 |r 2019-11-22 |w 2019-11-22 |y BK_X |k BUD | ||
| 952 | |0 0 |1 0 |4 0 |6 923_500000000000000_MAD_1953 |7 0 |8 X |9 450096 |a FDOBUD |b FDOBUD |d 2019-11-22 |h t.2 |i 4835050 |o 923.5 MAD 1953 |p 4835050 |r 2019-11-22 |w 2019-11-22 |y BK_X |k BUD | ||